000 00507nam a2200181Ia 4500
005 20250508161701.0
008 008 250505s9999 xx 000 0 eng d
037 _aTextual
040 _aFEDL
_beng
_cFEDL
041 _aeng
_2eng
084 _a669.1, RIC
_qFEDL
100 _aRichert Melvin T
_9771323
245 0 _aHow to control auto body sheet metals
260 _aPhiladelphia
_bChilton Book Company
_c1968
300 _a54p
942 _cTEXL
_h669.1, RIC
999 _c1371536
_d1371536